Ballet terms(sudden death) - Statistics

General Stats
  • This quiz has been taken 725 times
  • The average score is 5 of 11
Answers on the Grid
Answers color-coded by a green-red scale on the quiz's grid according to % correct below.
stantute
potucpe
plie
maredeis
jete
grande pique
glissade
fouette
fondu
degage
coulapie
bantermas
Assemble
balance
advanterant
barre
arabesque
Ron de jambe
shartay
libentry
releve
 
Answer Stats
Answer % Correct
plie
63%
arabesque
58%
jete
56%
releve
53%
fouette
52%
glissade
51%
Ron de jambe
48%
Assemble
47%
fondu
46%
degage
40%
balance
34%
No matching quizzes found
Score Distribution
Percent of People with Each Score
Percentile by Number Answered
Your Score History
You have not taken this quiz